000
00315nam a2200133 4500
999
_c
508592
_d
508592
008
190402b ||||| |||| 00| 0 eng d
100
_a
Rout, Akshay
_9
4011
245
_a
Sanitation as everyone's business
260
_c
2018
300
_a
p.52-56.
773
_a
Yojana
906
_a
Sanitation
942
_2
ddc
_c
AR